| 000 | 01565pam a2200337 a 4500 | ||
|---|---|---|---|
| 001 | 1596002 | ||
| 005 | 20030902183255.0 | ||
| 008 | 940411s1994 nju | b 001 0 eng d | ||
| 010 | _a 94011314 | ||
| 020 | _a0691037841 | ||
| 020 | _a069104466x | ||
| 040 |
_aDLC _cDLC _dDLC |
||
| 043 | _an-us--- | ||
| 050 | 0 | 0 |
_aE744 _b.S588 1994 |
| 082 | 0 | 0 |
_220 _a327.73 _bSMI |
| 100 | 1 |
_aSmith, Tony, _d1942- _913935 |
|
| 245 | 1 | 0 |
_aAmerica's Mission : _bThe United States and the Worldwide Struggle for Democracy in the Twentieth Century / _cTony Smith. |
| 260 |
_aPrinceton, N.J. : _bPrinceton University Press, _cc1994. |
||
| 300 |
_axviii, 455 p. ; _c23 cm. |
||
| 490 | 0 |
_aPrinceton studies in international history and politics _913939 |
|
| 500 | _a"A Twentieth Century Fund book." | ||
| 504 | _aIncludes bibliographical references and index. | ||
| 650 | 0 |
_aWorld politics _y20th century. _913936 |
|
| 650 | 0 |
_aDemocracy _xHistory _y20th century. _913937 |
|
| 651 | 0 |
_aUnited States _xForeign relations _y20th century. _913938 |
|
| 856 | 4 | 2 |
_3Publisher description _uhttp://www.loc.gov/catdir/description/prin031/94011314.html |
| 856 | 4 | 1 |
_3Table of contents _uhttp://www.loc.gov/catdir/toc/prin031/94011314.html |
| 942 |
_2ddc _cBB |
||
| 999 |
_c13978 _d13978 |
||